000
00367nam a2200157Ia 4500
008
151213s9999 xx 000 0 und d
100
_a
Enelyn Waugh
245
_a
Helena
_c
Enelyn Waugh
250
_a
1st
260
_a
Australia
_b
Panguing Book
_c
1963
300
_a
4301 p.
650
_a
Literature
650
_a
Literature
700
_a
Enelyn Waugh
999
_c
2715
_d
2715